000 00540nam a2200205 u 4500
005 20210223132558.0
008 150312s2006 r 000 0 eng d
020 _a9685938717
035 _aUPN01000202470
049 _aI
050 4 _aSB327
_bS3.3
100 1 _aSchwartz, David M.
_936898
245 1 3 _aEl ejote /
_cDavid M. Schwartz ; il. Dwight Kuhn.
260 _aMéxico. :
_bSigno,
_c2006.
300 _a24 p.
_bil. col.
440 0 _aClub de lectores
650 4 _aFRIJOLES
_923793
905 _aInfantil
999 _c174571
_d174571